00917nab a2200241uuc4500001000800000005001700008008004100025035001200066040001300078041000800091100003100099245009600130260001000226650002500236650003400261650007100295700003500366700003100401700003800432700003300470700004000503773013200543144910120240202124450.0160826s2016 spa  a1449101 ccomduadb aspa10aMaldavsky, David4auteaut10aEstudio de las intervenciones de un mismo terapeuta con 20 pacientes en la primera sesión c2016. aTerapeuta y paciente aRelación terapeuta-paciente 7aPsicoanálisisxCasos, historias clínicas, estadísticas2lemb10aArgibay, Juan Carlos4auteaut10aScilletta, Delia4auteaut10aRembado, José María4auteaut10aSimone, Luján de4auteaut10aGarcía Grigera, Horacio4auteaut0 tSubjetividad y Procesos Cognitivos (Buenos Aires)gVolumen 20, Número 1, Enero-Junio 2016, 128-146w1232057z1666244X0573304